| 000 | 01013nas a2200277 4500 | ||
|---|---|---|---|
| 001 | BR2013003351 | ||
| 003 | BR-BrBNA | ||
| 005 | 20231205122324.0 | ||
| 007 | ta | ||
| 008 | 230509b bl.|||p| |||| 00| 00por d | ||
| 040 |
_aBR-BrBNA _bpor _cBiblioteca Nacional de Agricultura |
||
| 041 | _a(Pt) | ||
| 072 | _aP40; P01; U10 | ||
| 100 | 1 | _aLemos, C.F. | |
| 100 | 1 | _aJustino, F. | |
| 100 | 1 | _aRossoni, H.A. | |
| 245 | 1 | _aComparação entre métodos de risco de queimadas pelo índice de Haines, Angström, Monte Alegre e o hidrotermométrico na região de Viçosa-MG no período de 01 a 30 de setembro de 2003 | |
| 650 | _aCLIMATOLOGIA | ||
| 650 | _aFOGO | ||
| 650 | _aSECA | ||
| 650 | _aMODELO MATEMÁTICO | ||
| 773 | 0 |
_tRevista Brasileira de Agropecuária Sustentável (Brazil) _xISSN 2178-5317 _g(Dec 2012), V. 2(2) p. 196-208 _wBR2013003351 |
|
| 856 | 4 | 0 | _uhttp://www.rbas.com.br/downloads.php?arquivo=pdf/revista_4_artigo_103.pdf |
| 909 |
_a202311 _bLúcia _c55 _dLúcia Elande |
||
| 942 |
_2AGRIS _n0 _cANA |
||
| 999 |
_c228063 _d228063 |
||